|
|
|
|
| LEADER |
01052cam a2200265 a 4500 |
| 001 |
c000297792 |
| 003 |
CARM |
| 005 |
20090603183618.0 |
| 008 |
950911s1986 nyu 000 0 eng |
| 019 |
1 |
|
|a 4679795
|z 27290280
|5 LACONCORD2021
|
| 020 |
|
|
|a 0446383171 (pbk.) :
|c $9.95
|
| 035 |
|
|
|a (OCoLC)13580600
|5 LACONCORD2021
|
| 040 |
|
|
|a DLC
|b eng
|c DLC
|d DLC
|
| 043 |
|
|
|a n-us-ma
|
| 050 |
0 |
0 |
|a HF1134.H4
|b K45 1986
|
| 082 |
0 |
0 |
|a 650/.07/117444
|2 19
|
| 100 |
1 |
|
|a Kelly, Francis J.,
|d 1956-
|
| 245 |
1 |
0 |
|a What they really teach you at the Harvard Business School /
|c Francis J. Kelly and Heather Mayfield Kelly.
|
| 260 |
|
|
|a New York, NY :
|b Warner Books, Inc.,
|c c1986.
|
| 300 |
|
|
|a 260 p. ;
|c 21 cm.
|
| 610 |
2 |
0 |
|a Harvard University.
|b Graduate School of Business Administration
|
| 700 |
1 |
|
|a Kelly, Heather Mayfield.
|
| 852 |
8 |
|
|b CARM
|h A3:AD13A0
|i B11295
|p 0542013
|f BK
|
| 999 |
f |
f |
|i 5a74bc4c-a55c-5d35-8db4-54e2f5c77717
|s 4589d2cc-b867-5a8f-a512-28a99fcc5e72
|
| 952 |
f |
f |
|p Can circulate
|a CAVAL
|b CAVAL
|c CAVAL
|d CARM 1 Store
|e B11295
|f A3:AD13A0
|h Other scheme
|i book
|m 0542013
|